[Event "SR 2. liga A 2018/2019"]
[Site "?"]
[Date "2019.04.07"]
[Round "11.3"]
[White "Kundrik, Peter"]
[Black "Puchart, Vladimir"]
[Result "1-0"]
[WhiteElo "2236"]
[BlackElo "2020"]
[PlyCount "85"]
[EventDate "2018.??.??"]
[WhiteTeam "SK Kupele Piestany"]
[BlackTeam "Lokomotiva Trnava"]

1. e4 c5 2. Nf3 d6 3. c3 Nf6 4. h3 a6 5. Bd3 e6 6. Bc2 Be7 7. O-O O-O 8. a4 Nc6
9. Re1 Rb8 10. d3 b5 11. axb5 axb5 12. Nbd2 Bb7 13. Nf1 Ra8 14. Rxa8 Qxa8 15.
Ng3 Qa1 16. d4 cxd4 17. Nxd4 b4 18. Nxc6 Bxc6 19. c4 Ra8 20. Qd2 Rb8 21. b3 Nd7
22. Kh2 Nc5 23. e5 dxe5 24. Bb2 Qa8 25. Bxe5 Rd8 26. Qxb4 f6 27. Ra1 Qc8 28.
Bb2 Bd6 29. Qe1 e5 30. b4 Nd7 31. c5 Bb8 32. Nf5 Qc7 33. Nd6 Bd5 34. Qe3 Nf8
35. Bb3 Be6 36. f4 Qe7 37. fxe5 fxe5 38. Bxe5 Kh8 39. Kh1 Bxb3 40. Qxb3 Bxd6
41. Bxd6 Qe2 42. Qf3 Qb2 43. Ra8 1-0

[Event "SR 2. liga A 2018/2019"]
[Site "?"]
[Date "2019.04.07"]
[Round "11.4"]
[White "Szitkey, Milan"]
[Black "Nemsak, Denis"]
[Result "0-1"]
[WhiteElo "2062"]
[BlackElo "2039"]
[PlyCount "82"]
[EventDate "2018.??.??"]
[WhiteTeam "Lokomotiva Trnava"]
[BlackTeam "SK Kupele Piestany"]

1. e4 d5 2. exd5 Nf6 3. d4 Nxd5 4. Nf3 g6 5. Bc4 Bg7 6. Nc3 Nxc3 7. bxc3 O-O 8.
O-O c5 9. Bg5 Qc7 10. Re1 e6 11. Qd3 Nc6 12. a4 Na5 13. Ba2 c4 14. Qe4 b6 15.
Ne5 Bb7 16. Qg4 f6 17. Qxe6+ Kh8 18. Nxg6+ hxg6 19. Re3 Qf7 20. Rh3+ Kg8 21.
Qxf7+ Kxf7 22. Bf4 Bd5 23. Bd6 Rfe8 24. Kf1 Re6 25. Bb4 Nc6 26. Re3 Rae8 27.
Rae1 Bh6 28. Rxe6 Rxe6 29. Rxe6 Kxe6 30. Ba3 a5 31. f3 Ne7 32. Ke2 Nf5 33. g3
Nd6 34. Bb1 b5 35. axb5 Nxb5 36. Bb2 a4 37. Ba2 a3 38. Ba1 Bc1 39. f4 Bb2 40.
Bxb2 axb2 41. Kd2 Na3 0-1

[Event "SR 2. liga A 2018/2019"]
[Site "?"]
[Date "2019.04.07"]
[Round "11.5"]
[White "Bincik, Pavol"]
[Black "Sturdik, Igor"]
[Result "0-1"]
[WhiteElo "1931"]
[BlackElo "1962"]
[PlyCount "112"]
[EventDate "2018.??.??"]
[WhiteTeam "SK Kupele Piestany"]
[BlackTeam "Lokomotiva Trnava"]

1. d4 Nf6 2. c4 c5 3. d5 e6 4. Nc3 exd5 5. cxd5 d6 6. g3 g6 7. Bg2 Bg7 8. Nh3
O-O 9. O-O Re8 10. Bf4 Nh5 11. Bg5 f6 12. Be3 f5 13. Qc2 Nd7 14. Nf4 Nxf4 15.
Bxf4 Ne5 16. h4 a6 17. a4 b6 18. Rad1 Rb8 19. Kh1 b5 20. axb5 axb5 21. Ra1 b4
22. Nd1 Bb7 23. Ne3 Ra8 24. Ra4 Rxa4 25. Qxa4 Qa8 26. Ra1 Qxa4 27. Rxa4 Ra8 28.
Rxa8+ Bxa8 29. b3 Bb7 30. Bg5 Kf7 31. f4 Nd7 32. Nc4 Bf8 33. e3 Ke8 34. Kg1 Ba6
35. h5 Bxc4 36. bxc4 b3 37. Bf1 b2 38. Bd3 Nb6 39. Bf6 Nxc4 40. Kf2 Kf7 41. Bd8
Na3 42. hxg6+ hxg6 43. e4 c4 44. Be2 fxe4 45. g4 b1=Q 46. g5 Bg7 47. f5 Bd4+
48. Kg2 gxf5 49. Bh5+ Kg8 50. Bg6 Qg1+ 51. Kh3 Qg4+ 52. Kh2 Be5+ 53. Kh1 c3 54.
Bh7+ Kxh7 55. g6+ Kg8 56. g7 Qg3 0-1

[Event "SR 2. liga A 2018/2019"]
[Site "?"]
[Date "2019.04.07"]
[Round "11.6"]
[White "Mosny, Jaroslav"]
[Black "Manak, Jozef"]
[Result "1-0"]
[WhiteElo "1859"]
[BlackElo "1958"]
[PlyCount "63"]
[EventDate "2018.??.??"]
[WhiteTeam "Lokomotiva Trnava"]
[BlackTeam "SK Kupele Piestany"]

1. d4 d5 2. Nf3 Nf6 3. Bf4 Bf5 4. e3 e6 5. Bd3 Bxd3 6. Qxd3 c6 7. Nbd2 Qb6 8.
O-O Nbd7 9. b3 Be7 10. c4 Qa6 11. Ne5 Nxe5 12. Bxe5 O-O 13. Qc2 Rac8 14. Rad1
c5 15. Qb1 cxd4 16. Bxd4 Rfd8 17. Rc1 b6 18. cxd5 Nxd5 19. a4 Qb7 20. Rxc8 Rxc8
21. Rc1 f6 22. h3 e5 23. Bb2 Nb4 24. Rxc8+ Qxc8 25. Qe4 Qd7 26. Qc4+ Kf8 27.
Ne4 Qd1+ 28. Kh2 Qd7 29. Ba3 a5 30. f3 Qc6 31. Bxb4 Qxc4 32. Bxe7+ 1-0

[Event "SR 2. liga A 2018/2019"]
[Site "?"]
[Date "2019.04.07"]
[Round "11.7"]
[White "Manak, Adrian"]
[Black "Doucha, Ludvig"]
[Result "1-0"]
[WhiteElo "1946"]
[BlackElo "1831"]
[PlyCount "53"]
[EventDate "2018.??.??"]
[WhiteTeam "SK Kupele Piestany"]
[BlackTeam "Lokomotiva Trnava"]

1. e4 e5 2. Nc3 Nf6 3. f4 exf4 4. e5 Ng8 5. Nf3 d6 6. Bc4 Be6 7. Bxe6 fxe6 8.
O-O d5 9. Kh1 Nc6 10. Ne2 Nh6 11. Nxf4 Qd7 12. Ng5 Nd8 13. Qh5+ g6 14. Qh3 Nf5
15. Nxg6 hxg6 16. Qxh8 Nf7 17. Nxf7 Qxf7 18. Qf6 Qxf6 19. exf6 Kf7 20. c3 d4
21. d3 Bd6 22. g4 Nh6 23. Bxh6 Rh8 24. g5 e5 25. Kg2 Re8 26. cxd4 exd4 27. Rae1
1-0

[Event "SR 2. liga A 2018/2019"]
[Site "?"]
[Date "2019.04.07"]
[Round "11.8"]
[White "Babirat, Michal"]
[Black "Siska, Kristof"]
[Result "0-1"]
[WhiteElo "1875"]
[BlackElo "1791"]
[PlyCount "112"]
[EventDate "2018.??.??"]
[WhiteTeam "Lokomotiva Trnava"]
[BlackTeam "SK Kupele Piestany"]

1. c4 e5 2. Nc3 Nf6 3. g3 Nc6 4. Bg2 Bc5 5. e3 O-O 6. Nge2 d6 7. d4 exd4 8.
exd4 Bb6 9. O-O Bf5 10. Na4 Qd7 11. Nxb6 axb6 12. Nc3 Rfe8 13. Bf4 Nb4 14. a3
Nc6 15. Qd2 Na5 16. Rae1 Nxc4 17. Rxe8+ Rxe8 18. Qc1 Bh3 19. Bg5 Bxg2 20. Kxg2
Qc6+ 21. Kg1 d5 22. Bxf6 gxf6 23. Qc2 Qd7 24. Rc1 c6 25. b3 Nd6 26. Qd2 Qg4 27.
Kg2 Ne4 28. Qe3 Re6 29. Qd3 Nxc3 30. Rxc3 h5 31. f3 Qg6 32. Qxg6+ fxg6 33. Kf2
Kf7 34. b4 Ke7 35. h4 Kd6 36. g4 hxg4 37. fxg4 Re4 38. Rg3 Rxd4 39. h5 gxh5 40.
gxh5 Rh4 41. Rg6 Rxh5 42. Rxf6+ Ke7 43. Rg6 Kd7 44. b5 Rh3 45. Rg7+ Kc8 46.
Rg8+ Kc7 47. Rg7+ Kb8 48. Rg6 c5 49. Rxb6 Kc7 50. Rg6 Rxa3 51. b6+ Kd7 52. Ke2
d4 53. Kd2 Re3 54. Rg5 Kc6 55. Rg6+ Kb5 56. Rd6 Ra3 0-1

[Event "SR 2. liga A 2018/2019"]
[Site "?"]
[Date "2019.04.07"]
[Round "11.1"]
[White "Koutny, Petr"]
[Black "Farkas, Gabor"]
[Result "1/2-1/2"]
[WhiteElo "2239"]
[BlackElo "2357"]
[PlyCount "82"]
[EventDate "2018.??.??"]
[WhiteTeam "SK Skalica"]
[BlackTeam "SK Senec"]

1. e4 e5 2. Nf3 Nc6 3. Nc3 Nf6 4. Bb5 Nd4 5. Ba4 Nxf3+ 6. Qxf3 Be7 7. Qg3 O-O
8. Qxe5 c6 9. d3 d5 10. Bf4 Bb4 11. O-O Re8 12. Qg5 Bxc3 13. bxc3 dxe4 14. d4
h6 15. Qg3 Nh5 16. Qe3 Be6 17. Bb3 Nxf4 18. Qxf4 Qg5 19. Qxg5 hxg5 20. Rfe1 Bf5
21. a4 a5 22. c4 Rad8 23. c3 c5 24. Rad1 Bg4 25. Rd2 f5 26. Bd1 Bxd1 27. Rexd1
e3 28. Re2 f4 29. fxe3 fxe3 30. Rd3 cxd4 31. cxd4 Re4 32. Rexe3 Rdxd4 33. Rxe4
Rxe4 34. Rd5 b6 35. c5 bxc5 36. Rxc5 Rxa4 37. Rxg5 Kf7 38. Rb5 Kf6 39. Kf2 Ra3
40. h4 g6 41. g4 Ra2+ 1/2-1/2

[Event "SR 2. liga A 2018/2019"]
[Site "?"]
[Date "2019.04.07"]
[Round "11.2"]
[White "Balogh, Peter"]
[Black "Kucharek, Jaroslav"]
[Result "1/2-1/2"]
[WhiteElo "2265"]
[BlackElo "2043"]
[PlyCount "72"]
[EventDate "2018.??.??"]
[WhiteTeam "SK Senec"]
[BlackTeam "SK Skalica"]

1. d4 d5 2. c4 e6 3. Nc3 Nf6 4. cxd5 exd5 5. Bg5 c6 6. Qc2 Na6 7. a3 Nc7 8. e3
Be7 9. Bd3 Ne6 10. Bh4 g6 11. Nge2 O-O 12. O-O Ng7 13. f3 Nf5 14. Bf2 c5 15.
Bxf5 Bxf5 16. e4 dxe4 17. fxe4 cxd4 18. Nxd4 Bg4 19. h3 Bd7 20. Rad1 Rc8 21.
Qe2 Nh5 22. Nd5 Bh4 23. Qf3 Be6 24. Nf5 Bxf2+ 25. Rxf2 Bxd5 26. Rxd5 Rc1+ 27.
Kh2 Qc7+ 28. e5 Re1 29. Nd6 Qc1 30. g4 Re3 31. Qd1 Qxd1 32. Rxd1 Ng3 33. Nxb7
Ne4 34. Rc2 Ng5 35. Kg2 Nxh3 36. Rf1 Ng5 1/2-1/2

[Event "SR 2. liga A 2018/2019"]
[Site "?"]
[Date "2019.04.07"]
[Round "11.3"]
[White "Horak, Ivan"]
[Black "Takacs, Laszlo"]
[Result "1/2-1/2"]
[WhiteElo "2022"]
[BlackElo "2306"]
[PlyCount "100"]
[EventDate "2018.??.??"]
[WhiteTeam "SK Skalica"]
[BlackTeam "SK Senec"]

1. e4 c5 2. b3 e6 3. Bb2 d6 4. Nc3 Nf6 5. Nf3 Be7 6. Bb5+ Nbd7 7. Qe2 a6 8.
Bxd7+ Bxd7 9. O-O-O b5 10. e5 dxe5 11. Nxe5 b4 12. Nxd7 Qxd7 13. Na4 Qc6 14.
Rhe1 O-O 15. f4 Rfe8 16. d3 Nd5 17. Qe4 Rac8 18. g3 Nb6 19. Nxb6 Qxb6 20. h4
Qc6 21. Qxc6 Rxc6 22. Re4 Rd6 23. Rde1 Rd5 24. Re5 Red8 25. Rxd5 Rxd5 26. Re5
Rxe5 27. Bxe5 f6 28. Bc7 Kf7 29. Kd2 Ke8 30. Ke3 Kd7 31. Ba5 Kd6 32. c4 bxc3
33. Bxc3 Kd5 34. h5 g6 35. hxg6 hxg6 36. g4 f5 37. gxf5 exf5 38. Kf3 g5 39.
fxg5 Bxg5 40. Bg7 Ke6 41. Bf8 Be7 42. Bg7 Bf6 43. Bf8 Bd4 44. b4 cxb4 45. Bxb4
Be5 46. Be1 Kd5 47. Bf2 Bd4 48. Be1 Be5 49. Bf2 a5 50. a4 Bc7 1/2-1/2

[Event "SR 2. liga A 2018/2019"]
[Site "?"]
[Date "2019.04.07"]
[Round "11.4"]
[White "Gruca, Miroslav"]
[Black "Londin, Martin"]
[Result "1-0"]
[WhiteElo "2165"]
[BlackElo "1934"]
[PlyCount "93"]
[EventDate "2018.??.??"]
[WhiteTeam "SK Senec"]
[BlackTeam "SK Skalica"]

1. b3 b6 2. Bb2 Bb7 3. Nf3 Nf6 4. e3 e6 5. Be2 c5 6. c4 Nc6 7. O-O Be7 8. d3 d5
9. Nbd2 Qc7 10. Qc2 Rd8 11. Rfd1 d4 12. e4 a5 13. Nb1 Ng4 14. Na3 h5 15. Nb5
Qb8 16. Bc1 g5 17. Rf1 Kd7 18. Bd2 Rdg8 19. a3 f5 20. b4 cxb4 21. axb4 Bxb4 22.
Bxb4 Nxb4 23. Qb2 e5 24. Nfxd4 fxe4 25. Bxg4+ hxg4 26. Nf5 exd3 27. Nbd6 e4 28.
Qf6 Rh7 29. c5 Nc6 30. Rab1 Qd8 31. Qc3 Rgh8 32. Nxb7 Qf8 33. f3 Qxf5 34. fxe4
Qxe4 35. Rfe1 Qd4+ 36. Qxd4+ Nxd4 37. cxb6 Rf8 38. Nc5+ Kc6 39. Nxd3 Rb7 40.
Ne5+ Kd5 41. Nxg4 a4 42. Ne3+ Kc5 43. Rec1+ Kd6 44. Rd1 Ke5 45. Nc4+ Kd5 46.
Na5 Rbb8 47. Rb5+ 1-0

[Event "SR 2. liga A 2018/2019"]
[Site "?"]
[Date "2019.04.07"]
[Round "11.5"]
[White "Hrubsa, Marian"]
[Black "Kalmar, Tamas"]
[Result "1/2-1/2"]
[WhiteElo "1889"]
[BlackElo "2074"]
[PlyCount "41"]
[EventDate "2018.??.??"]
[WhiteTeam "SK Skalica"]
[BlackTeam "SK Senec"]

1. e4 c6 2. d4 d5 3. Nc3 dxe4 4. Nxe4 Bf5 5. Ng3 Bg6 6. Nf3 Nd7 7. h4 h6 8. h5
Bh7 9. Bd3 Bxd3 10. Qxd3 e6 11. Bd2 Ngf6 12. O-O-O Bd6 13. Ne4 Nxe4 14. Qxe4
Qc7 15. b3 O-O-O 16. Kb1 Rhe8 17. Qd3 Nf6 18. c4 Qd7 19. Bc3 Bc7 20. Qc2 Qe7
21. Ne5 1/2-1/2

[Event "SR 2. liga A 2018/2019"]
[Site "?"]
[Date "2019.04.07"]
[Round "11.6"]
[White "Pusec, Pavel"]
[Black "Krupica, Pavel"]
[Result "0-1"]
[WhiteElo "1942"]
[BlackElo "1884"]
[PlyCount "74"]
[EventDate "2018.??.??"]
[WhiteTeam "SK Senec"]
[BlackTeam "SK Skalica"]

1. c4 c6 2. Nc3 d5 3. cxd5 cxd5 4. d4 Nf6 5. Nf3 Nc6 6. Ne5 Bf5 7. Nxc6 bxc6 8.
Qa4 Qb6 9. e3 e6 10. Qa6 Bb4 11. Bd2 O-O 12. Bd3 Bxd3 13. Qxd3 c5 14. Na4 Bxd2+
15. Qxd2 Qb5 16. Nxc5 Rab8 17. b3 Ne4 18. Nxe4 dxe4 19. f4 exf3 20. gxf3 Rfc8
21. Rc1 Qg5 22. Kf2 Qh4+ 23. Ke2 Qh3 24. Rxc8+ Rxc8 25. Kf2 h5 26. e4 g6 27.
Ke3 Kg7 28. Rg1 h4 29. Rg2 Kh7 30. Kf2 f6 31. b4 g5 32. b5 Kh6 33. e5 Qf5 34.
Ke3 fxe5 35. dxe5 Rf8 36. Qe2 Qf4+ 37. Kf2 Rd8 0-1

[Event "SR 2. liga A 2018/2019"]
[Site "?"]
[Date "2019.04.07"]
[Round "11.7"]
[White "Vogl, Zdenek"]
[Black "Ujhelyi, Matus"]
[Result "1-0"]
[WhiteElo "1848"]
[BlackElo "1899"]
[PlyCount "73"]
[EventDate "2018.??.??"]
[WhiteTeam "SK Skalica"]
[BlackTeam "SK Senec"]

1. e4 e5 2. Nf3 Nc6 3. Bb5 a6 4. Ba4 Nf6 5. Nc3 d6 6. O-O Be7 7. d3 O-O 8. Ne2
b5 9. Bb3 Na5 10. c3 Nxb3 11. axb3 Re8 12. Ng3 h6 13. b4 Bf8 14. h3 d5 15. Qc2
c5 16. bxc5 Bxc5 17. exd5 Qxd5 18. c4 Qc6 19. cxb5 Qxb5 20. Ne4 Nxe4 21. dxe4
Bb7 22. Bd2 Qc6 23. Bc3 Bd4 24. Rac1 Rac8 25. Qd3 Bxc3 26. Rxc3 Qxe4 27. Qxe4
Bxe4 28. Rxc8 Rxc8 29. Nxe5 Rc5 30. Ng4 Rc2 31. Re1 f5 32. Ne3 Rxb2 33. Nc4 Rb1
34. Rxb1 Bxb1 35. f4 Kf7 36. Kf2 Bd3 37. Ne5+ 1-0

[Event "SR 2. liga A 2018/2019"]
[Site "?"]
[Date "2019.04.07"]
[Round "11.8"]
[White "Cibik, Jan"]
[Black "Harasta, Marian"]
[Result "1/2-1/2"]
[WhiteElo "1882"]
[BlackElo "1663"]
[PlyCount "148"]
[EventDate "2018.??.??"]
[WhiteTeam "SK Senec"]
[BlackTeam "SK Skalica"]

1. e4 c5 2. Nf3 Nc6 3. d4 cxd4 4. Nxd4 e5 5. Nb5 a6 6. Nd6+ Bxd6 7. Qxd6 Qe7 8.
Qd2 Nf6 9. f3 Nd4 10. Bd3 O-O 11. c3 Ne6 12. O-O Nf4 13. b3 Qc5+ 14. Kh1 Re8
15. Ba3 Qc6 16. c4 b5 17. Nc3 Rb8 18. Nd5 N6xd5 19. cxd5 Qb6 20. Bb4 Nxd3 21.
Qxd3 a5 22. Bd2 b4 23. Rfc1 Ba6 24. Qe3 Qd6 25. Rc5 Bb5 26. Rac1 Qa6 27. Rc7
Ra8 28. Qc5 d6 29. Qc2 h6 30. Be1 Kf8 31. h4 Qb6 32. h5 Ra7 33. Rc8 Ra8 34. Rc7
Ra7 35. Rxa7 Qxa7 36. Bf2 Qb7 37. Kg1 Ra8 38. Qc7 Qxc7 39. Rxc7 Be8 40. Ra7
Rxa7 41. Bxa7 a4 42. Bb6 axb3 43. axb3 f5 44. Ba5 fxe4 45. fxe4 Bxh5 46. Bxb4
Ke7 47. Kf2 Bd1 48. Ba5 Bxb3 49. Bb6 Bc2 50. Ke3 g5 51. Ba5 h5 52. Be1 h4 53.
Bf2 Kd7 54. Be1 Kc7 55. Ba5+ Kc8 56. Be1 Kb7 57. Bb4 Kc7 58. Be1 Bd1 59. Ba5+
Kd7 60. Be1 Bg4 61. Bd2 h3 62. gxh3 Bxh3 63. Kf3 g4+ 64. Kg3 Ke7 65. Bb4 Bf1
66. Kxg4 Bg2 67. Kf5 Bh3+ 68. Kg5 Bg2 69. Kf5 Bf3 70. Ba3 Bg2 71. Bb4 Bh3+ 72.
Kg5 Bc8 73. Bc3 Ba6 74. Kf5 Bc8+ 1/2-1/2

[Event "SR 3. liga A2 2018/2019"]
[Site "?"]
[Date "2018.10.07"]
[Round "1.1"]
[White "Sosovicka, Juraj"]
[Black "Slamena, Michal"]
[Result "1/2-1/2"]
[WhiteElo "2105"]
[BlackElo "1994"]
[PlyCount "128"]
[EventDate "2018.??.??"]

1. b3 d5 2. Bb2 c5 3. Nf3 Nc6 4. g3 f6 5. Bg2 e5 6. d3 Bd6 7. Nbd2 Nge7 8. c4
Be6 9. O-O O-O 10. Rc1 d4 11. Ne4 f5 12. Nfg5 Bc8 13. Nxd6 Qxd6 14. f4 h6 15.
Nh3 Ng6 16. fxe5 Ngxe5 17. Rb1 Bd7 18. Nf4 Rae8 19. Bc1 Ng4 20. Nd5 Bc8 21. Bf4
Nge5 22. e3 g5 23. Bxe5 Qxe5 24. e4 fxe4 25. Bxe4 Rxf1+ 26. Qxf1 Rf8 27. Qg2
Kg7 28. Rf1 Rxf1+ 29. Qxf1 Be6 30. Qf3 Bxd5 31. Bxd5 Qe1+ 32. Kg2 Ne5 33. Qe4
Qd2+ 34. Kg1 Kf6 35. Qh7 Qc1+ 36. Kg2 Qb2+ 37. Kg1 Qa1+ 38. Kg2 Qxa2+ 39. Kg1
Qb1+ 40. Kg2 Qc2+ 41. Kg1 Qd1+ 42. Kg2 Qe2+ 43. Kg1 Nf3+ 44. Bxf3 Qxf3 45.
Qxh6+ Kf7 46. Qh7+ Ke6 47. Qg6+ Kd7 48. Qxg5 Qxd3 49. Qd5+ Ke8 50. Qe6+ Kd8 51.
Qd6+ Ke8 52. Qe6+ Kf8 53. Qc8+ Kf7 54. Qxb7+ Ke8 55. Qa8+ Kf7 56. Qxa7+ Kf6 57.
Qb6+ Kf7 58. Qc7+ Ke6 59. Qc6+ Kf7 60. Qd7+ Kf6 61. Qd6+ Kg7 62. Qd7+ Kf6 63.
Qd6+ Kf7 64. Qd7+ Kf6 1/2-1/2

[Event "SR 3. liga A2 2018/2019"]
[Site "?"]
[Date "2018.10.07"]
[Round "1.1"]
[White "Gajarsky, Roman"]
[Black "Pribila, Gerhard"]
[Result "0-1"]
[WhiteElo "1794"]
[BlackElo "2127"]
[PlyCount "106"]
[EventDate "2018.??.??"]

1. e4 c5 2. Nf3 e6 3. d4 cxd4 4. Nxd4 Nf6 5. Nc3 Nc6 6. Be3 Bb4 7. Bd3 d5 8.
Nxc6 bxc6 9. exd5 cxd5 10. a3 Bxc3+ 11. bxc3 Qc7 12. Bd2 O-O 13. O-O e5 14. Re1
e4 15. Be2 Be6 16. Rb1 Rab8 17. Rb4 a5 18. Rxb8 Rxb8 19. Qc1 Rc8 20. Qa1 Nd7
21. Rb1 Nc5 22. a4 Rb8 23. Bb5 Nd7 24. Be3 Ne5 25. Bd4 Ng4 26. g3 Ne5 27. Be2
f6 28. Rb3 Rxb3 29. cxb3 Nc6 30. Qd1 Qb7 31. Bb5 Ne7 32. Qh5 Bd7 33. Qe2 Be6
34. Qd2 Nc6 35. Bc5 Ne5 36. Qe2 Qc8 37. b4 Nf3+ 38. Kh1 Bg4 39. Qe3 axb4 40.
Bxb4 Ng5 41. f4 exf3 42. Qe8+ Qxe8 43. Bxe8 Bh3 44. Kg1 Ne4 45. Bc5 Nxc5 46.
Bc6 Be6 47. Kf2 Kf8 48. a5 Bc8 49. Bxd5 Ke7 50. Kxf3 Kd6 51. Bg8 h6 52. Ke3 Ke5
53. Bf7 Ba6 0-1

[Event "SR 3. liga A2 2018/2019"]
[Site "?"]
[Date "2018.10.07"]
[Round "1.1"]
[White "Travnicek, Petr"]
[Black "Barca, Michal"]
[Result "1-0"]
[WhiteElo "2104"]
[BlackElo "1752"]
[PlyCount "77"]
[EventDate "2018.??.??"]

1. d4 Nf6 2. c4 e6 3. Nc3 Bb4 4. g3 O-O 5. Bg2 d5 6. Nf3 b6 7. O-O Bb7 8. Bf4
c6 9. Qb3 Bxc3 10. bxc3 dxc4 11. Qb2 Nd5 12. Bd2 Nd7 13. e4 N5f6 14. Rfe1 c5
15. Qc2 cxd4 16. cxd4 Rc8 17. e5 Nd5 18. Ng5 g6 19. Ne4 c3 20. Bh6 Nb4 21. Qa4
Nd3 22. Re3 Nb2 23. Qxd7 Bxe4 24. Qxd8 Rfxd8 25. Rxe4 Rc4 26. Rc1 Na4 27. Bf1
Rb4 28. Be2 Rb2 29. Bd1 c2 30. Rxc2 Rb1 31. Bc1 Nb2 32. Be2 Kg7 33. Kg2 Na4 34.
Rc7 b5 35. Rf4 Rf8 36. Bg4 Kg8 37. Rf3 Nb6 38. Bh6 Rc8 39. Rfxf7 1-0

[Event "SR 3. liga A2 2018/2019"]
[Site "?"]
[Date "2018.10.07"]
[Round "1.1"]
[White "Janas, Peter"]
[Black "Danada, Ondrej"]
[Result "0-1"]
[WhiteElo "1760"]
[BlackElo "1832"]
[PlyCount "98"]
[EventDate "2018.??.??"]

1. Nc3 c5 2. e4 Nc6 3. Nf3 Nd4 4. Nxd4 cxd4 5. Ne2 e5 6. Ng3 d5 7. Bb5+ Bd7 8.
Bxd7+ Qxd7 9. d3 dxe4 10. dxe4 Qb5 11. Bd2 Rc8 12. a4 Qc4 13. c3 Nf6 14. Qe2
dxc3 15. Bxc3 Bb4 16. Qxc4 Rxc4 17. Rc1 Nxe4 18. Nxe4 Rxe4+ 19. Kd2 O-O 20. Kd3
f5 21. Bxb4 Rxb4 22. Kc3 Rxa4 23. Kb3 Ra6 24. Rhd1 Rb6+ 25. Ka2 Rc6 26. Rxc6
bxc6 27. Rd7 e4 28. Rxa7 Rd8 29. Ra3 Rd2 30. f3 Rxg2 31. fxe4 fxe4 32. h3 Kf7
33. Re3 Rh2 34. Kb3 Kf6 35. Rxe4 Rxh3+ 36. Kc4 Kf5 37. Re2 g5 38. Kd4 Kf4 39.
Rf2+ Kg3 40. Rc2 Rh2 41. Rc3+ Kf4 42. b4 Rd2+ 43. Kc5 g4 44. Kxc6 g3 45. b5 g2
46. Rc1 Kf3 47. b6 Kf2 48. b7 Rb2 49. Rc3 g1=Q 0-1

[Event "SR 3. liga A2 2018/2019"]
[Site "?"]
[Date "2018.10.07"]
[Round "1.1"]
[White "Kubis, Ivan"]
[Black "Tupy, Bystrik"]
[Result "0-1"]
[WhiteElo "1907"]
[BlackElo "1711"]
[PlyCount "68"]
[EventDate "2018.??.??"]

1. e4 e5 2. Nf3 Nc6 3. Bb5 Nf6 4. O-O Bc5 5. c3 d6 6. d3 a6 7. Ba4 b5 8. Bc2 h6
9. a4 Bg4 10. h3 Bh5 11. Re1 b4 12. a5 O-O 13. Nbd2 Nh7 14. g4 Bg6 15. Nf1 bxc3
16. bxc3 d5 17. Ne3 d4 18. Nc4 dxc3 19. Ncxe5 Nxe5 20. Nxe5 Qd4 21. Be3 Qxe5
22. d4 Bxd4 23. Bxd4 Qf4 24. Be3 Qf6 25. f4 Qh4 26. Qf3 f5 27. exf5 Bf7 28. Bd4
Rad8 29. Bf2 Qf6 30. Rad1 Rd2 31. Rxd2 cxd2 32. Rd1 Rd8 33. Qe2 Qc3 34. Be4 Bb3
0-1

[Event "SR 3. liga A2 2018/2019"]
[Site "?"]
[Date "2018.10.07"]
[Round "1.1"]
[White "Cerny, Patrik"]
[Black "Takacs, Zsolt"]
[Result "0-1"]
[WhiteElo "1562"]
[BlackElo "1760"]
[PlyCount "52"]
[EventDate "2018.??.??"]

1. e4 c5 2. Nf3 Nc6 3. Bb5 d6 4. d4 cxd4 5. Nxd4 Bd7 6. Bxc6 Bxc6 7. Nc3 e5 8.
Nf3 Nf6 9. Bg5 Be7 10. Qd2 Nxe4 11. Nxe4 Bxe4 12. Bxe7 Qxe7 13. O-O-O Bxf3 14.
gxf3 Rd8 15. Qb4 O-O 16. Rhg1 b6 17. f4 Qh4 18. Rxd6 Rxd6 19. Qxd6 Qxf4+ 20.
Qd2 Qxh2 21. Rxg7+ Kh8 22. Qg5 Qh1+ 23. Kd2 Qd5+ 24. Ke3 Rd8 25. Qf6 Qd4+ 26.
Ke2 Qe4+ 0-1

[Event "SR 3. liga A2 2018/2019"]
[Site "?"]
[Date "2018.10.07"]
[Round "1.1"]
[White "Kastler, Peter"]
[Black "Jancicka, Viliam"]
[Result "1-0"]
[WhiteElo "1758"]
[BlackElo "1630"]
[PlyCount "77"]
[EventDate "2018.??.??"]

1. d4 d5 2. c4 e6 3. e3 Nf6 4. Nf3 Nc6 5. Nc3 Be7 6. Be2 Bd7 7. O-O O-O 8. b3
a6 9. Bb2 Re8 10. Rc1 Rb8 11. cxd5 exd5 12. Ne5 Be6 13. Nxc6 bxc6 14. Na4 Bd7
15. Bxa6 c5 16. Nc3 cxd4 17. Qxd4 c5 18. Qd2 Bc6 19. Rfd1 Qb6 20. Bd3 c4 21.
Bc2 Bc5 22. Kh1 Rbd8 23. Ne2 Ng4 24. Nd4 Bb7 25. h3 Ne5 26. Bc3 Qf6 27. Qe2 Qb6
28. Rb1 Qa6 29. Nf3 Nxf3 30. gxf3 Qe6 31. Bd4 Qxh3+ 32. Kg1 Bd6 33. f4 Bxf4 34.
f3 Bd6 35. Qg2 Qxg2+ 36. Kxg2 Ba6 37. b4 Be5 38. Ba4 Re6 39. Bc5 1-0

[Event "SR 3. liga A2 2018/2019"]
[Site "?"]
[Date "2018.10.07"]
[Round "1.1"]
[White "Bojnansky, Juraj"]
[Black "Mraz, Jan"]
[Result "1-0"]
[WhiteElo "1553"]
[BlackElo "1683"]
[PlyCount "91"]
[EventDate "2018.??.??"]

1. d4 b6 2. c4 Bb7 3. Nc3 e6 4. e4 g6 5. Nf3 Bg7 6. Bg5 Ne7 7. Qd2 d6 8. Bd3
Nd7 9. Bh6 O-O 10. O-O-O f5 11. Bxg7 Kxg7 12. h4 Nf6 13. Ng5 Qd7 14. d5 exd5
15. exd5 Rh8 16. Ne6+ Kf7 17. Qh6 Rhg8 18. f3 c6 19. Rde1 cxd5 20. cxd5 Nfxd5
21. Bb5 Qc8 22. Ng5+ Kf6 23. Re6+ Qxe6 24. Nxe6 Kxe6 25. Bc4 Rac8 26. Bxd5+
Bxd5 27. Re1+ Kf7 28. Qxh7+ Rg7 29. Rxe7+ Kxe7 30. Qxg7+ Bf7 31. Kd2 Rc5 32. g4
fxg4 33. fxg4 Re5 34. Kd3 b5 35. Ne4 Rd5+ 36. Ke3 Re5 37. Qf6+ Ke8 38. Qxd6 Re6
39. Qb8+ Ke7 40. Qxa7+ Kf8 41. Qd4 g5 42. hxg5 Bg6 43. Qf6+ Rxf6 44. gxf6 Bf7
45. a3 Bd5 46. Nd6 1-0

[Event "SR 3. liga A2 2018/2019"]
[Site "?"]
[Date "2018.10.07"]
[Round "1.2"]
[White "Lanc, Alois"]
[Black "Takacs, Laszlo"]
[Result "1/2-1/2"]
[WhiteElo "2292"]
[BlackElo "2245"]
[PlyCount "99"]
[EventDate "2018.??.??"]

1. e4 c6 2. d4 d5 3. e5 Bf5 4. Nd2 e6 5. Ngf3 Nd7 6. Nb3 f6 7. exf6 Ngxf6 8.
Bd3 Bd6 9. Qe2 Qe7 10. Ne5 Bxe5 11. dxe5 Ne4 12. Bxe4 Qb4+ 13. Nd2 dxe4 14. c3
Qa4 15. Nc4 O-O 16. b3 Qb5 17. Bf4 Bh3 18. Qe3 Bxg2 19. Rg1 Bf3 20. Bh6 g6 21.
Bxf8 Rxf8 22. Kd2 Nxe5 23. Nxe5 Rd8+ 24. Kc2 Qxe5 25. Qg5 Qd6 26. Rac1 Rf8 27.
Kb2 Qxh2 28. Rc2 Qf4 29. Qe7 Qf7 30. Qd6 h5 31. Rd2 Kh7 32. Qe5 Re8 33. a4 Re7
34. Rd8 Qg7 35. Qg5 a6 36. Rc1 b5 37. axb5 cxb5 38. b4 Rd7 39. Rxd7 Qxd7 40.
Rc2 Qd5 41. Qe3 g5 42. Rd2 Qe5 43. Rd8 Qf6 44. Qb6 Bg4 45. Kb3 h4 46. Qd6 Bf5
47. Rf8 Qg7 48. Re8 Qf6 49. Rf8 Qg7 50. Re8 1/2-1/2

[Event "SR 3. liga A2 2018/2019"]
[Site "?"]
[Date "2018.10.07"]
[Round "1.2"]
[White "Cibulka, Vladimir"]
[Black "Bango, Lukas"]
[Result "1/2-1/2"]
[WhiteElo "2137"]
[BlackElo "2181"]
[PlyCount "92"]
[EventDate "2018.??.??"]

1. d4 Nf6 2. Nf3 e6 3. Bg5 c5 4. c3 cxd4 5. Bxf6 Qxf6 6. cxd4 Bb4+ 7. Nc3 b6 8.
e3 Bb7 9. Be2 O-O 10. O-O Bxc3 11. bxc3 Nc6 12. Qa4 Rfc8 13. Ba6 Bxa6 14. Qxa6
Na5 15. Qd3 Qg6 16. e4 d5 17. Nd2 Nc4 18. Rae1 h6 19. Nb1 dxe4 20. Qxe4 Qxe4
21. Rxe4 Nd6 22. Re3 Rc4 23. f4 Rac8 24. Re5 Ra4 25. Rf2 Nc4 26. Ree2 Na3 27.
Nd2 Nb5 28. Ne4 f5 29. Ng3 Kf7 30. d5 exd5 31. Nxf5 Rxc3 32. g4 Re4 33. Rb2
Re1+ 34. Kg2 Nc7 35. Rbd2 Rcc1 36. Kf3 Rg1 37. Ne3 Rc3 38. Ke2 Ke6 39. h3 Nb5
40. Nxd5 Rxh3 41. f5+ Ke5 42. f6 Nd6 43. f7 Nxf7 44. Rf5+ Ke4 45. Rf4+ Ke5 46.
Rf5+ Ke4 1/2-1/2

[Event "SR 3. liga A2 2018/2019"]
[Site "?"]
[Date "2018.10.07"]
[Round "1.2"]
[White "Kavon, Rastislav"]
[Black "Bugar, Peter"]
[Result "1-0"]
[WhiteElo "2184"]
[BlackElo "1979"]
[PlyCount "81"]
[EventDate "2018.??.??"]

1. e4 e6 2. d4 d5 3. Nc3 Nf6 4. Bg5 Bb4 5. e5 h6 6. Bh4 g5 7. Bg3 Ne4 8. Nge2
c5 9. a3 cxd4 10. axb4 dxc3 11. Nxc3 Nxc3 12. bxc3 Qc7 13. Ra3 Nc6 14. h4 Qe7
15. hxg5 Qxg5 16. Rh5 Qg7 17. b5 Nb8 18. c4 Qf8 19. Ra4 Nd7 20. cxd5 exd5 21.
Rah4 Nb6 22. Qd2 Be6 23. Rxh6 Rxh6 24. Rxh6 O-O-O 25. Bh4 Rd7 26. Bf6 Qa3 27.
Rh8+ Kc7 28. Bd3 d4 29. Qg5 Qb4+ 30. Ke2 Nc8 31. Qg8 Rd5 32. f4 Qc5 33. Kf2 Ne7
34. Qb8+ Kb6 35. Rd8 Nc8 36. Rxd5 Qxd5 37. f5 Qd7 38. fxe6 fxe6 39. g4 Qe8 40.
g5 Qh5 41. Bd8+ 1-0